[Event "16. Obert Int. Sant Martí 2014 Grupo B"]
[Site "Barcelona ESP"]
[Date "2014.07.14"]
[Round "2.43"]
[White "Ramos Alvarez, Maximo"]
[Black "Castaño Jimenez, Andreu"]
[Result "1-0"]
[WhiteElo "2001"]
[BlackElo "1779"]
[PlyCount "67"]
[EventDate "2014.07.13"]
[EventType "swiss"]
[EventRounds "9"]
[EventCountry "ESP"]
[Source "lmi"]
[SourceDate "2014.07.13"]

1. d4 d5 2. e3 e6 3. Bd3 Nf6 4. Nd2 Bd7 5. f4 c5 6. c3 Nc6 7. Ngf3 c4 8. Bc2
Be7 9. O-O O-O 10. Ne5 Qc7 11. g4 g6 12. h4 b5 13. h5 b4 14. hxg6 fxg6 15. Qf3
Nxe5 16. dxe5 Ne8 17. Qh3 Ng7 18. Rf2 Rf7 19. Rh2 Ne8 20. Bxg6 Rg7 21. Bxh7+
Kf8 22. Qh6 Qb6 23. Nf3 Bc5 24. Nd4 Nc7 25. Bg6 Ne8 26. Bxe8 Rxe8 27. g5 Qa5
28. Bd2 Bxd4 29. exd4 Qb6 30. Qf6+ Kg8 31. Kg2 Rf8 32. Rh8+ Kxh8 33. Qxf8+ Rg8
34. Rh1# 1-0

[Event "16. Obert Int. Sant Martí 2014 Grupo B"]
[Site "Barcelona ESP"]
[Date "2014.07.14"]
[Round "2.44"]
[White "Albert Cristobal, Jorge"]
[Black "Pascual Duran, Pau"]
[Result "1-0"]
[WhiteElo "1993"]
[BlackElo "1762"]
[PlyCount "65"]
[EventDate "2014.07.13"]
[EventType "swiss"]
[EventRounds "9"]
[EventCountry "ESP"]
[Source "lmi"]
[SourceDate "2014.07.13"]

1. e4 d6 2. d4 Nf6 3. Nc3 g6 4. Be2 Bg7 5. h4 h5 6. Bg5 O-O 7. Qd2 Bh8 8. O-O-O
Nbd7 9. f3 c5 10. g4 cxd4 11. Nb5 a6 12. Nxd4 b5 13. gxh5 Nxh5 14. Nc6 Qb6 15.
Nxe7+ Kh7 16. Nh3 b4 17. Be3 Qa5 18. Ng5+ Kg7 19. Qxd6 Qxa2 20. Bd4+ f6 21.
Ne6+ Kh7 22. Nxg6 Rf7 23. Ngf8+ Nxf8 24. Nxf8+ Kg8 25. Rhg1+ Bg7 26. Ng6 Rd7
27. Qc5 Raa7 28. Bc4+ Kh7 29. Qxh5+ Bh6+ 30. f4 Qa1+ 31. Kd2 Rxd4+ 32. Ke3 Rxd1
33. Nf8+ 1-0

[Event "16. Obert Int. Sant Martí 2014 Grupo B"]
[Site "Barcelona ESP"]
[Date "2014.07.14"]
[Round "2.45"]
[White "Julian Solera, Laura"]
[Black "Collell Rodriguez, Victor"]
[Result "0-1"]
[WhiteElo "1781"]
[BlackElo "1911"]
[PlyCount "38"]
[EventDate "2014.07.13"]
[EventType "swiss"]
[EventRounds "9"]
[EventCountry "ESP"]
[Source "lmi"]
[SourceDate "2014.07.13"]

1. d4 Nf6 2. Nf3 c5 3. e3 g6 4. Bd3 Bg7 5. b3 O-O 6. Bb2 cxd4 7. exd4 d6 8. O-O
Nc6 9. Nbd2 Bd7 10. c4 d5 11. Re1 Nb4 12. Be2 Bf5 13. Ba3 Nc2 14. Bxe7 Qxe7 15.
Rc1 Nxe1 16. Nxe1 Rfe8 17. Bf3 Be4 18. Bg4 Nxg4 19. f3 Bxd4+ 0-1

[Event "16. Obert Int. Sant Martí 2014 Grupo B"]
[Site "Barcelona ESP"]
[Date "2014.07.14"]
[Round "2.46"]
[White "Montoro Rueda, Raul"]
[Black "Domenche Redondo, Francesc"]
[Result "0-1"]
[WhiteElo "1775"]
[BlackElo "1906"]
[PlyCount "90"]
[EventDate "2014.07.13"]
[EventType "swiss"]
[EventRounds "9"]
[EventCountry "ESP"]
[Source "lmi"]
[SourceDate "2014.07.13"]

1. e4 e5 2. Nf3 Nf6 3. Nc3 Nc6 4. Bc4 Bc5 5. d3 h6 6. Bd2 d6 7. a3 a6 8. Ne2
O-O 9. c3 Na5 10. Qc2 Nxc4 11. dxc4 c6 12. Ng3 Be6 13. h3 Re8 14. Qc1 Kh7 15.
O-O Qe7 16. Re1 Ng8 17. Re2 g6 18. Kh2 Rad8 19. Be3 Bxe3 20. Qxe3 Nf6 21. Rd1
Bc8 22. Red2 Qc7 23. Nf1 Nh5 24. g3 f5 25. Rd3 f4 26. Qe2 Qe7 27. Ng1 Rf8 28.
Nd2 Be6 29. g4 Nf6 30. Ngf3 g5 31. Ne1 Kg7 32. Ndf3 Rh8 33. Kg1 Bc8 34. Ng2 Ne8
35. Nh2 Qf7 36. f3 h5 37. Nf1 hxg4 38. hxg4 Qf6 39. Kf2 Rh1 40. Nd2 Qh6 41. Rg1
Rh2 42. Qf1 Qh3 43. Ke2 Nf6 44. Qf2 Qh8 45. Kd1 Rh1 0-1

[Event "16. Obert Int. Sant Martí 2014 Grupo B"]
[Site "Barcelona ESP"]
[Date "2014.07.14"]
[Round "2.47"]
[White "Muratet Carmona, Alexandra"]
[Black "Garcia Extremera, Manuel"]
[Result "1-0"]
[WhiteElo "1901"]
[BlackElo "1759"]
[PlyCount "101"]
[EventDate "2014.07.13"]
[EventType "swiss"]
[EventRounds "9"]
[EventCountry "ESP"]
[Source "lmi"]
[SourceDate "2014.07.13"]

1. e4 c5 2. Nf3 Nc6 3. d4 cxd4 4. Nxd4 Nf6 5. Nc3 a6 6. Be2 d6 7. O-O g6 8. Be3
Bg7 9. Qd2 Bd7 10. h3 O-O 11. f4 e5 12. Nb3 Qc7 13. Rad1 Ne8 14. Nd5 Qd8 15. f5
gxf5 16. exf5 f6 17. Bb6 Qc8 18. Na5 Kh8 19. Qd3 Nxa5 20. Ne7 Qb8 21. Bxa5 b6
22. Bb4 Bb5 23. c4 Bd7 24. Bxd6 Nxd6 25. Qxd6 Rd8 26. Bf3 Qxd6 27. Rxd6 Rab8
28. Rfd1 Bf8 29. Rxd7 Re8 30. Nc6 Rbc8 31. Bh5 Bc5+ 32. Kf1 Rf8 33. Nd8 Bd4 34.
Ne6 Rg8 35. Nxd4 exd4 36. R1xd4 Rg5 37. g4 b5 38. Rd8+ Rg8 39. Rxc8 Rxc8 40.
Bf7 bxc4 41. Rxc4 Rb8 42. b3 Kg7 43. Bd5 Rb5 44. Rc7+ Kh6 45. Bc4 Ra5 46. b4
Ra3 47. Bb3 a5 48. b5 a4 49. Bg8 Rf3+ 50. Ke2 Rf4 51. Rc4 1-0

[Event "16. Obert Int. Sant Martí 2014 Grupo B"]
[Site "Barcelona ESP"]
[Date "2014.07.14"]
[Round "2.48"]
[White "Farell Duran, Josep"]
[Black "Flores Muñoz, Daniel"]
[Result "0-1"]
[WhiteElo "1766"]
[BlackElo "1899"]
[PlyCount "58"]
[EventDate "2014.07.13"]
[EventType "swiss"]
[EventRounds "9"]
[EventCountry "ESP"]
[Source "lmi"]
[SourceDate "2014.07.13"]

1. Nf3 d5 2. g3 Nf6 3. Bg2 e6 4. O-O Bd6 5. d3 O-O 6. c4 c6 7. b3 e5 8. cxd5
cxd5 9. Bb2 d4 10. Nbd2 Nc6 11. Nc4 Bc7 12. Rc1 Be6 13. Ng5 Bxc4 14. bxc4 h6
15. Ne4 Nxe4 16. Bxe4 Kh8 17. e3 dxe3 18. fxe3 Qg5 19. Rf3 f5 20. Qf1 f4 21.
exf4 exf4 22. Rc2 Qc5+ 23. d4 Nxd4 24. Qf2 Nxf3+ 25. Bxf3 Qxf2+ 26. Rxf2 Bb6
27. gxf4 Bxf2+ 28. Kxf2 Rxf4 29. c5 Raf8 0-1

[Event "16. Obert Int. Sant Martí 2014 Grupo B"]
[Site "Barcelona ESP"]
[Date "2014.07.14"]
[Round "2.49"]
[White "Mir Bellmunt, Jose"]
[Black "Albert Estebanez, Carlos"]
[Result "0-1"]
[WhiteElo "1758"]
[BlackElo "1890"]
[PlyCount "52"]
[EventDate "2014.07.13"]
[EventType "swiss"]
[EventRounds "9"]
[EventCountry "ESP"]
[Source "lmi"]
[SourceDate "2014.07.13"]

1. e4 c5 2. Nc3 e6 3. Nf3 Ne7 4. d4 cxd4 5. Nxd4 Nbc6 6. Be3 g6 7. Be2 Bg7 8.
O-O d5 9. Nxc6 bxc6 10. exd5 cxd5 11. Bc5 Qc7 12. Bxe7 Qxe7 13. Qd3 O-O 14. Nd1
a5 15. c3 Ba6 16. Qf3 a4 17. a3 Rfb8 18. Bxa6 Rxa6 19. Qe2 Rab6 20. Rb1 Rb3 21.
Re1 Rxa3 22. bxa3 Rxb1 23. Qc2 Qb7 24. Qxa4 Bxc3 25. Re3 d4 26. Rd3 Qe4 0-1

[Event "16. Obert Int. Sant Martí 2014 Grupo B"]
[Site "Barcelona ESP"]
[Date "2014.07.14"]
[Round "2.50"]
[White "Brunet Gil, Pol"]
[Black "Castilla Casanova, Víctor"]
[Result "1-0"]
[WhiteElo "1880"]
[BlackElo "1754"]
[PlyCount "59"]
[EventDate "2014.07.13"]
[EventType "swiss"]
[EventRounds "9"]
[EventCountry "ESP"]
[Source "lmi"]
[SourceDate "2014.07.13"]

1. e4 e5 2. Nf3 Nc6 3. d4 d5 4. Nxe5 Nxe5 5. dxe5 f6 6. exf6 Nxf6 7. e5 Ne4 8.
Bd3 Be7 9. Bxe4 dxe4 10. Qxd8+ Bxd8 11. Nc3 O-O 12. O-O Bf5 13. Re1 Re8 14. Bf4
e3 15. Rxe3 Bxc2 16. Rc1 Bg6 17. Bg3 h5 18. h3 Rf8 19. Rf1 c6 20. Ne2 Bb6 21.
Rc3 Rad8 22. Nf4 Bf7 23. e6 Rfe8 24. exf7+ Kxf7 25. Nxh5 g5 26. Bh2 Kg6 27. Ng3
Rd2 28. Rb3 Red8 29. Ne4 Rd1 30. Nc3 1-0

[Event "16. Obert Int. Sant Martí 2014 Grupo B"]
[Site "Barcelona ESP"]
[Date "2014.07.14"]
[Round "2.51"]
[White "Gomez Guinovart, Josep Manel"]
[Black "Ballve Monte, Antoni"]
[Result "1-0"]
[WhiteElo "1873"]
[BlackElo "1750"]
[PlyCount "103"]
[EventDate "2014.07.13"]
[EventType "swiss"]
[EventRounds "9"]
[EventCountry "ESP"]
[Source "lmi"]
[SourceDate "2014.07.13"]

1. d4 e6 2. c4 Nf6 3. Nf3 d6 4. g3 c6 5. Bg2 d5 6. cxd5 Bb4+ 7. Bd2 Bxd2+ 8.
Nbxd2 cxd5 9. O-O O-O 10. Ne5 Nc6 11. Nxc6 bxc6 12. Rc1 Qb6 13. Nb3 a5 14. Qd2
Re8 15. e3 e5 16. dxe5 Rxe5 17. Qc3 Re6 18. Rfd1 Ne4 19. Bxe4 Rxe4 20. Qxc6
Qxc6 21. Rxc6 a4 22. Nc5 Rc4 23. Rc7 Bh3 24. f3 Rb8 25. Rb7 Rc8 26. Nd3 Rc2 27.
Rb4 h6 28. Nf4 Bd7 29. Nxd5 Re8 30. e4 Kh7 31. Nf6+ gxf6 32. Rxd7 Kg7 33. Rbb7
Rec8 34. Rxf7+ Kg6 35. Rg7+ Kh5 36. Rb5+ R8c5 37. Rxc5+ Rxc5 38. g4+ Kh4 39.
Rg6 Rc1+ 40. Kf2 Rc2+ 41. Ke3 Rxb2 42. Kf4 Kh3 43. Rxh6+ Kg2 44. h4 Rxa2 45. g5
fxg5+ 46. hxg5 Ra3 47. Ra6 Rxf3+ 48. Ke5 a3 49. g6 Kh3 50. g7 Rg3 51. Rxa3 Rxa3
52. g8=Q 1-0

[Event "16. Obert Int. Sant Martí 2014 Grupo B"]
[Site "Barcelona ESP"]
[Date "2014.07.14"]
[Round "2.52"]
[White "Olleta Tanya, Jordi"]
[Black "Navarro Pastor, Raul"]
[Result "1-0"]
[WhiteElo "1749"]
[BlackElo "1868"]
[PlyCount "143"]
[EventDate "2014.07.13"]
[EventType "swiss"]
[EventRounds "9"]
[EventCountry "ESP"]
[Source "lmi"]
[SourceDate "2014.07.13"]

1. c4 Nf6 2. d4 g6 3. Nc3 Bg7 4. e4 O-O 5. Nf3 d6 6. Be2 Bd7 7. Qd3 Nc6 8. a3
e5 9. d5 Ne7 10. Bg5 h6 11. Bd2 Nh5 12. g3 f5 13. O-O-O fxe4 14. Nxe4 Bf5 15.
Nh4 Nf6 16. Nxf5 Nxf5 17. Nxf6+ Qxf6 18. Bc3 Rae8 19. Rhf1 c5 20. Kb1 Nd4 21.
Bxd4 cxd4 22. Qe4 Qf5 23. Bd3 Qxe4 24. Bxe4 Rf6 25. b4 Rc8 26. Rc1 b6 27. Kb2
Kh7 28. Kb3 Rf7 29. f4 Rff8 30. f5 h5 31. fxg6+ Kh6 32. Rxf8 Rxf8 33. Rc2 Rf1
34. Ka4 a6 35. c5 bxc5 36. bxc5 dxc5 37. Rxc5 Re1 38. Bc2 Rc1 39. Rc6 Bf8 40.
Kb3 Kg7 41. Rxa6 Re1 42. Ra7+ Kg8 43. g7 Bxg7 44. d6 Bf6 45. d7 e4 46. Ra8+ Kf7
47. d8=Q Bxd8 48. Rxd8 d3 49. Bxd3 exd3 50. Rxd3 Rb1+ 51. Kc4 Ra1 52. h4 Kf6
53. Kb5 Rb1+ 54. Kc6 Kf5 55. a4 Ra1 56. Kb5 Rb1+ 57. Ka6 Kg4 58. a5 Rb2 59. Ka7
Rb1 60. Rc3 Rb2 61. Rc5 Rb3 62. Rg5+ Kh3 63. Rxh5 Kxg3 64. Rh7 Rb5 65. a6 Kg4
66. h5 Kg5 67. Rb7 Rd5 68. Kb8 Rd8+ 69. Kc7 Ra8 70. a7 Kxh5 71. Rb5+ Kg6 72.
Kb7 1-0

[Event "16. Obert Int. Sant Martí 2014 Grupo B"]
[Site "Barcelona ESP"]
[Date "2014.07.14"]
[Round "2.53"]
[White "Maltsev, Andrey"]
[Black "Palomero Galvez, Antoni"]
[Result "1-0"]
[WhiteElo "1867"]
[BlackElo "1750"]
[PlyCount "33"]
[EventDate "2014.07.13"]
[EventType "swiss"]
[EventRounds "9"]
[EventCountry "ESP"]
[Source "lmi"]
[SourceDate "2014.07.13"]

1. g3 d5 2. Nf3 Nf6 3. Bg2 Bf5 4. c4 Nbd7 5. cxd5 Nxd5 6. Nd4 Be6 7. Nxe6 fxe6
8. d4 c6 9. e4 Nc7 10. e5 Nb6 11. Nc3 Qd7 12. Ne4 O-O-O 13. Be3 Qe8 14. Nc5 Qf7
15. Qb3 g6 16. a4 a5 17. Qxb6 1-0

[Event "16. Obert Int. Sant Martí 2014 Grupo B"]
[Site "Barcelona ESP"]
[Date "2014.07.14"]
[Round "2.54"]
[White "Bienvenido Kleque, Jose"]
[Black "Fungueiriño Pique, Daniel"]
[Result "0-1"]
[WhiteElo "1737"]
[BlackElo "1864"]
[PlyCount "104"]
[EventDate "2014.07.13"]
[EventType "swiss"]
[EventRounds "9"]
[EventCountry "ESP"]
[Source "lmi"]
[SourceDate "2014.07.13"]

1. c4 Nf6 2. Nc3 g6 3. g3 Bg7 4. Bg2 c6 5. d3 O-O 6. Nf3 d6 7. O-O Bg4 8. Re1
Qc8 9. Bg5 Bh3 10. Qd2 Bxg2 11. Kxg2 Re8 12. Bh6 Bh8 13. Qc2 Qg4 14. Bd2 Nbd7
15. h3 Qh5 16. Rh1 Qa5 17. Ne4 Qd8 18. Nxf6+ exf6 19. Bc3 Ne5 20. Nxe5 fxe5 21.
Qd2 Qe7 22. e4 Rad8 23. Rad1 d5 24. Qe2 b6 25. b3 Qc7 26. Rhe1 dxe4 27. Qxe4
Re6 28. Qe3 Rde8 29. Qd2 c5 30. Re3 f6 31. Re2 Bg7 32. Qe1 Qc6+ 33. f3 f5 34.
Bb2 Qc7 35. Qd2 h6 36. Rde1 Qf7 37. a3 g5 38. a4 Qg6 39. Bc3 h5 40. Bb2 g4 41.
h4 gxf3+ 42. Kxf3 Qg4+ 43. Kf2 Bh6 44. Qd1 Rg6 45. Rg1 f4 46. Rxe5 Rxe5 47.
Bxe5 Qf5 48. Qe2 Re6 49. Rf1 Qxe5 50. Qf3 fxg3+ 51. Qxg3+ Qxg3+ 52. Kxg3 Re3+
0-1

[Event "16. Obert Int. Sant Martí 2014 Grupo B"]
[Site "Barcelona ESP"]
[Date "2014.07.14"]
[Round "2.55"]
[White "Sanchez Viana, Jordi"]
[Black "Herrera Vargas, Carlo Esteban"]
[Result "1/2-1/2"]
[WhiteElo "1862"]
[BlackElo "1748"]
[PlyCount "43"]
[EventDate "2014.07.13"]
[EventType "swiss"]
[EventRounds "9"]
[EventCountry "ESP"]
[Source "lmi"]
[SourceDate "2014.07.13"]

1. e4 c5 2. Nf3 e6 3. d4 Nc6 4. c3 d5 5. e5 c4 6. Nbd2 Nge7 7. Be2 Nf5 8. O-O
g6 9. Re1 Bg7 10. Nf1 O-O 11. Bg5 f6 12. exf6 Bxf6 13. Qd2 Nce7 14. Bd1 Qd6 15.
Ba4 a6 16. Bf4 Qd8 17. Be5 b5 18. Bc2 Nc6 19. Bxf5 Bxe5 20. Bh3 Bf4 21. Qc2 Qf6
22. Ne3 1/2-1/2

[Event "16. Obert Int. Sant Martí 2014 Grupo B"]
[Site "Barcelona ESP"]
[Date "2014.07.14"]
[Round "2.56"]
[White "Ferrer Ache, Jesus"]
[Black "Mamontova, Anastasia"]
[Result "0-1"]
[WhiteElo "1728"]
[BlackElo "1858"]
[PlyCount "104"]
[EventDate "2014.07.13"]
[EventType "swiss"]
[EventRounds "9"]
[EventCountry "ESP"]
[Source "lmi"]
[SourceDate "2014.07.13"]

1. c4 e5 2. e4 d6 3. Nc3 f5 4. Qh5+ g6 5. Qd1 Nf6 6. d3 Nc6 7. Nf3 f4 8. a3 h6
9. b4 Bg4 10. Be2 g5 11. h3 Bxf3 12. Bxf3 Nd4 13. Bd2 Bg7 14. b5 a6 15. Nd5
Nxd5 16. cxd5 axb5 17. Bh5+ Ke7 18. Bb4 c6 19. dxc6 bxc6 20. O-O Rf8 21. Bc3 f3
22. Bxd4 fxg2 23. Kxg2 exd4 24. Bg6 Rf4 25. Bf5 d5 26. Qe1 Kf7 27. f3 c5 28.
Bg4 dxe4 29. fxe4 Qd6 30. Rf3 Kg8 31. Qe2 Rxf3 32. Bxf3 Ra4 33. Qa2+ c4 34. Qc2
Qa6 35. Bh5 Be5 36. Qf2 Qf6 37. Bd1 Ra6 38. Qf1 Qe7 39. dxc4 Rxa3 40. Rxa3 Qxa3
41. Bf3 Qa2+ 42. Qf2 Qxf2+ 43. Kxf2 bxc4 44. Ke2 Kf7 45. Bg4 Ke7 46. Kd2 Kd6
47. Bf3 Kc5 48. Bd1 d3 49. Bg4 Kd4 50. Bf3 c3+ 51. Kc1 c2 52. Bg2 Bf4+ 0-1

[Event "16. Obert Int. Sant Martí 2014 Grupo B"]
[Site "Barcelona ESP"]
[Date "2014.07.14"]
[Round "2.57"]
[White "Romeo Ros, Joaquim"]
[Black "Bes Alvarez, Alex"]
[Result "1-0"]
[WhiteElo "1858"]
[BlackElo "1734"]
[PlyCount "115"]
[EventDate "2014.07.13"]
[EventType "swiss"]
[EventRounds "9"]
[EventCountry "ESP"]
[Source "lmi"]
[SourceDate "2014.07.13"]

1. d4 d5 2. c4 c6 3. Nf3 Bf5 4. Nc3 Nd7 5. cxd5 cxd5 6. Nxd5 Ngf6 7. Nc3 e6 8.
Bg5 Be7 9. e3 O-O 10. Bd3 Bxd3 11. Qxd3 Nc5 12. Qc2 Na6 13. a3 Rc8 14. e4 Nxe4
15. Bxe7 Qxe7 16. Qxe4 f5 17. Qh4 Qxh4 18. Nxh4 Rcd8 19. Nf3 g5 20. Nxg5 Rxd4
21. Nf3 Rd7 22. Rd1 Rxd1+ 23. Kxd1 Nc5 24. Kc2 Ne4 25. Rf1 Nf6 26. Ne5 Rc8 27.
Rd1 a5 28. Kb3 Rb8 29. Rd6 b5 30. Rxe6 b4 31. Rxf6 bxc3+ 32. Kxc3 a4 33. Rxf5
Rb3+ 34. Kc2 Rb5 35. Nc6 Rb7 36. Nb4 Rc7+ 37. Kb1 Rg7 38. g3 Rd7 39. Rd5 Rf7
40. f4 Re7 41. Kc2 Rc7+ 42. Kd1 Rc4 43. Rd2 h6 44. Rc2 Rd4+ 45. Kc1 Re4 46. Nd3
Re3 47. Nc5 Re1+ 48. Kd2 Re7 49. Nxa4 Rd7+ 50. Kc1 Rd4 51. Nc3 Rd7 52. b4 Ra7
53. a4 Rb7 54. b5 h5 55. a5 Ra7 56. a6 Ra8 57. Ra2 Kf7 58. b6 1-0

[Event "16. Obert Int. Sant Martí 2014 Grupo B"]
[Site "Barcelona ESP"]
[Date "2014.07.14"]
[Round "2.58"]
[White "Jimenez Rimblas, Raul"]
[Black "Pascual Gonzalez-Novelles, David"]
[Result "0-1"]
[WhiteElo "1706"]
[BlackElo "1855"]
[PlyCount "110"]
[EventDate "2014.07.13"]
[EventType "swiss"]
[EventRounds "9"]
[EventCountry "ESP"]
[Source "lmi"]
[SourceDate "2014.07.13"]

1. e4 e5 2. Nf3 d6 3. Bc4 Be7 4. d3 Nf6 5. h3 Nc6 6. Be3 O-O 7. O-O Na5 8. Nbd2
Nxc4 9. Nxc4 c6 10. Re1 b5 11. Na3 h6 12. Nb1 Nh7 13. d4 exd4 14. Nxd4 Bd7 15.
Nd2 c5 16. N4f3 f5 17. e5 f4 18. exd6 Bxd6 19. Ne4 fxe3 20. Qxd6 exf2+ 21. Kxf2
Nf6 22. Nxf6+ Rxf6 23. Qd5+ Be6 24. Qxd8+ Rxd8 25. Rad1 Rdf8 26. Rd6 Bxa2 27.
Rxf6 Rxf6 28. b3 c4 29. Ra1 cxb3 30. cxb3 Bxb3 31. Rxa7 Bc4 32. Ke3 Bf1 33. Ra2
Re6+ 34. Kf2 Bc4 35. Rb2 Ra6 36. Kg3 Kf7 37. Nd4 Rg6+ 38. Kh2 Rb6 39. Rf2+ Kg6
40. Nf5 Rf6 41. Nh4+ Kf7 42. Rd2 g5 43. Nf3 Rf5 44. Rd7+ Ke8 45. Rh7 Rf6 46.
Ne5 Re6 47. Ng4 b4 48. Nxh6 b3 49. Rb7 Rxh6 50. g3 Rc6 51. h4 gxh4 52. gxh4 Rc5
53. Kg3 Rb5 54. Rc7 b2 55. Rxc4 b1=Q 0-1

[Event "16. Obert Int. Sant Martí 2014 Grupo B"]
[Site "Barcelona ESP"]
[Date "2014.07.14"]
[Round "2.59"]
[White "Serentill Tost, Eduard"]
[Black "Marabajan Navas, Saul"]
[Result "1-0"]
[WhiteElo "1854"]
[BlackElo "1723"]
[PlyCount "55"]
[EventDate "2014.07.13"]
[EventType "swiss"]
[EventRounds "9"]
[EventCountry "ESP"]
[Source "lmi"]
[SourceDate "2014.07.13"]

1. e4 e5 2. Nf3 Nc6 3. Bb5 a6 4. Ba4 d6 5. d4 Bd7 6. O-O Nge7 7. c3 g6 8. Bg5
Bg7 9. h3 O-O 10. Nh2 Qc8 11. d5 Bxh3 12. dxc6 bxc6 13. Bxe7 Re8 14. Bh4 Bxg2
15. Kxg2 Re6 16. Bxc6 Rb8 17. Bd5 Re8 18. Qf3 Rf8 19. Be7 Qe8 20. Bxf8 Bxf8 21.
Ng4 c6 22. Nf6+ Kh8 23. Nxe8 Rxe8 24. Qxf7 cxd5 25. Qxe8 Kg7 26. f4 dxe4 27.
fxe5 dxe5 28. Qxf8# 1-0

[Event "16. Obert Int. Sant Martí 2014 Grupo B"]
[Site "Barcelona ESP"]
[Date "2014.07.14"]
[Round "2.60"]
[White "Avila Lopez, Joan"]
[Black "Valbuena Castro, Gregorio"]
[Result "0-1"]
[WhiteElo "1704"]
[BlackElo "1851"]
[PlyCount "84"]
[EventDate "2014.07.13"]
[EventType "swiss"]
[EventRounds "9"]
[EventCountry "ESP"]
[Source "lmi"]
[SourceDate "2014.07.13"]

1. d4 c5 2. dxc5 Nc6 3. c3 a5 4. Nf3 e5 5. e4 Bxc5 6. Be3 Bxe3 7. fxe3 Nf6 8.
Bd3 Qb6 9. Qd2 O-O 10. Na3 d6 11. Nc4 Qc7 12. O-O-O b5 13. Na3 b4 14. Nb5 Qe7
15. Bc4 Nxe4 16. Qc2 Bf5 17. Bd3 d5 18. Bxe4 Bxe4 19. Qa4 Qc5 20. Rhe1 bxc3 21.
Nxc3 Nb4 22. Rd2 Nd3+ 23. Rxd3 Bxd3 24. Nxe5 Bf5 25. g4 Be6 26. Kb1 Rab8 27.
Nd3 Qxc3 28. Qc2 Rfc8 29. Rc1 Qxc2+ 30. Rxc2 Rxc2 31. Kxc2 Bxg4 32. Ne5 Bf5+
33. Kc1 Re8 34. Nc6 Rxe3 35. Nxa5 Rh3 36. Nc6 Kf8 37. Nd4 Bd7 38. b4 Rh4 39.
Nc2 Rxh2 40. Kb2 Ba4 41. b5 Rxc2+ 42. Ka3 Bxb5 0-1

[Event "16. Obert Int. Sant Martí 2014 Grupo B"]
[Site "Barcelona ESP"]
[Date "2014.07.14"]
[Round "2.61"]
[White "Martinez Torras, Pol"]
[Black "Izquierdo Pujol, Pol"]
[Result "0-1"]
[WhiteElo "1849"]
[BlackElo "1721"]
[PlyCount "98"]
[EventDate "2014.07.13"]
[EventType "swiss"]
[EventRounds "9"]
[EventCountry "ESP"]
[Source "lmi"]
[SourceDate "2014.07.13"]

1. d4 d5 2. Nf3 Nf6 3. c4 c6 4. Nc3 Bf5 5. e3 Nbd7 6. Qb3 Qb6 7. c5 Qxb3 8.
axb3 g6 9. b4 Bg7 10. b5 O-O 11. bxc6 bxc6 12. Nh4 Bc2 13. f4 Ne4 14. Nxe4 Bxe4
15. Be2 f6 16. O-O e5 17. fxe5 fxe5 18. Rxf8+ Kxf8 19. Ra4 Bh6 20. Ra6 exd4 21.
Rxc6 Bxe3+ 22. Bxe3 dxe3 23. Bg4 Ne5 24. Rc8+ Rxc8 25. Bxc8 d4 26. Ba6 Ke7 27.
b4 Kd7 28. Nf3 Nxf3+ 29. gxf3 Bxf3 30. Bb5+ Bc6 31. Bc4 h6 32. Kf1 Bf3 33. b5
Kc7 34. h4 g5 35. hxg5 hxg5 36. Bd3 g4 37. Kg1 g3 38. Kf1 g2+ 39. Kg1 e2 40.
Bxe2 Bxe2 41. b6+ axb6 42. cxb6+ Kxb6 43. Kxg2 d3 44. Kf2 Kc5 45. Ke3 Kd5 46.
Kd2 Kd4 47. Ke1 Kc3 48. Kf2 Kc2 49. Ke1 d2+ 0-1

[Event "16. Obert Int. Sant Martí 2014 Grupo B"]
[Site "Barcelona ESP"]
[Date "2014.07.14"]
[Round "2.62"]
[White "Bernat Mor, Juli"]
[Black "Ferre Navarro, Joan"]
[Result "0-1"]
[WhiteElo "1700"]
[BlackElo "1846"]
[PlyCount "120"]
[EventDate "2014.07.13"]
[EventType "swiss"]
[EventRounds "9"]
[EventCountry "ESP"]
[Source "lmi"]
[SourceDate "2014.07.13"]

1. e4 e5 2. Nf3 Nc6 3. d4 exd4 4. Nxd4 d6 5. Nxc6 bxc6 6. Nc3 Be7 7. Bd3 Nf6 8.
O-O O-O 9. Bg5 h6 10. Bh4 Re8 11. h3 Bb7 12. Re1 Nd7 13. Bxe7 Qxe7 14. Qf3 Ne5
15. Qf4 d5 16. Rad1 Qb4 17. Rb1 Re6 18. a3 Qb6 19. Na4 Qd4 20. b3 Rf6 21. Qe3
Qxe3 22. Rxe3 Nxd3 23. cxd3 dxe4 24. dxe4 Re8 25. f3 Bc8 26. Kh2 Rd6 27. Rb2
Red8 28. Nc3 Rd2 29. Rxd2 Rxd2 30. Ne2 Ba6 31. Nf4 g5 32. Nh5 Bf1 33. Re1 Bd3
34. Nf6+ Kf8 35. Kg3 Bc2 36. Ng4 h5 37. Ne3 Bxb3 38. h4 f6 39. hxg5 fxg5 40.
Kh2 Ra2 41. Rc1 Ba4 42. Rc5 Rxa3 43. Ra5 Rxe3 44. Rxa4 Ke7 45. Rxa7 Kd7 46. Ra5
Rc3 47. Ra1 c5 48. Re1 c4 49. e5 Ke6 50. Kg1 Rc2 51. Re4 c3 52. Rc4 Kxe5 53.
Rxc7 Kd4 54. Kf1 Kd3 55. Rd7+ Kc4 56. Rc7+ Kb3 57. Rb7+ Ka2 58. g3 Rb2 59. Rc7
c2 60. Ke1 Kb1 0-1

[Event "16. Obert Int. Sant Martí 2014 Grupo B"]
[Site "Barcelona ESP"]
[Date "2014.07.14"]
[Round "2.63"]
[White "Rius Riu, Gerard"]
[Black "Marcelo, Diego Luis"]
[Result "1-0"]
[WhiteElo "1846"]
[BlackElo "1706"]
[PlyCount "144"]
[EventDate "2014.07.13"]
[EventType "swiss"]
[EventRounds "9"]
[EventCountry "ESP"]
[Source "lmi"]
[SourceDate "2014.07.13"]

1. d4 d5 2. Nf3 Nf6 3. e3 e6 4. Nbd2 Nc6 5. b3 Bd6 6. Bb2 O-O 7. a3 h6 8. Bd3
e5 9. dxe5 Nxe5 10. Nxe5 Bxe5 11. Bxe5 Qe7 12. Bxf6 Qxf6 13. O-O Qd8 14. Qf3 b6
15. Rad1 Bb7 16. Qf5 g6 17. Qh3 Bc8 18. Qxh6 Bb7 19. Nf3 Qf6 20. Ng5 Qg7 21.
Qxg7+ Kxg7 22. Be2 f6 23. Ne6+ Kf7 24. Nxf8 Kxf8 25. Bf3 Rd8 26. c4 c6 27. cxd5
cxd5 28. e4 d4 29. Rd3 Ba6 30. Rfd1 Bxd3 31. Rxd3 f5 32. exf5 gxf5 33. h4 Kg7
34. h5 Kh6 35. Kf1 Kg7 36. Be2 f4 37. g3 fxg3 38. Rxg3+ Kh6 39. Rg6+ Kh7 40.
Bd3 Rg8 41. Rxg8+ Kxg8 42. Kg2 Kg7 43. Kg3 Kh6 44. Kg4 a5 45. f4 b5 46. f5 b4
47. a4 Kg7 48. Kg5 Kh8 49. Be2 Kg7 50. Bd1 d3 51. f6+ Kf7 52. h6 Kg8 53. Kg6 d2
54. h7+ Kh8 55. Kf7 Kxh7 56. Ke7 Kg8 57. f7+ Kh7 58. Bc2+ Kh6 59. f8=Q+ Kg5 60.
Qf6+ Kg4 61. Qf5+ Kg3 62. Qe4 Kf2 63. Qd3 Ke1 64. Qe3+ Kf1 65. Bd3+ Kg2 66.
Qxd2+ Kg3 67. Qe3+ Kg4 68. Qe5 Kf3 69. Qd4 Kg2 70. Qe3 Kh2 71. Qf3 Kg1 72. Be4
Kh2 1-0

[Event "16. Obert Int. Sant Martí 2014 Grupo B"]
[Site "Barcelona ESP"]
[Date "2014.07.14"]
[Round "2.64"]
[White "Cassi De La Viuda, Àlex"]
[Black "Gonzalez Alonso, Marti"]
[Result "0-1"]
[WhiteElo "1700"]
[BlackElo "1844"]
[PlyCount "122"]
[EventDate "2014.07.13"]
[EventType "swiss"]
[EventRounds "9"]
[EventCountry "ESP"]
[Source "lmi"]
[SourceDate "2014.07.13"]

1. e4 e5 2. Nf3 Nf6 3. d4 Nxe4 4. Nxe5 d6 5. Nf3 d5 6. Nc3 Bb4 7. Bd2 O-O 8.
Bd3 Bxc3 9. bxc3 Bg4 10. h3 Nxd2 11. Qxd2 Bxf3 12. gxf3 Re8+ 13. Kd1 Qf6 14.
Be2 Nd7 15. Kc1 Nb6 16. f4 Re7 17. c4 dxc4 18. c3 Rae8 19. Bf3 c6 20. Kc2 Qf5+
21. Kb2 Qd3 22. Qxd3 cxd3 23. Kb3 d2 24. Rad1 Re1 25. Rxd2 Rxh1 26. Bxh1 Re1
27. Bg2 Kf8 28. d5 cxd5 29. Bxd5 Nxd5 30. Rxd5 Ke7 31. Rc5 Kd6 32. Rg5 g6 33.
f5 Re5 34. Kc4 h6 35. Rg3 Rc5+ 36. Kb4 Rxf5 37. Rd3+ Rd5 38. Re3 Rd2 39. Rf3
Ke6 40. Re3+ Kf6 41. Rf3+ Kg7 42. h4 Rxa2 43. Kc5 Ra5+ 44. Kd4 Rf5 45. Rxf5
gxf5 46. Kc5 Kg6 47. Kd6 a5 48. Kc5 Kh5 49. Kb5 b6 50. Ka4 Kxh4 51. c4 Kg4 52.
Kb3 h5 53. Kc3 h4 54. Kd2 h3 55. Ke1 h2 56. f3+ Kxf3 57. Kd2 h1=Q 58. Kc3 Ke3
59. Kc2 Kd4 60. Kb3 Qb1+ 61. Ka4 Qb4# 0-1